ბათუმის შოთა რუსთაველის სახელმწიფო უნივერსიტეტის ბიბლიოთეკა

Элементы начертательной геометрии (ბიბ.ჩანაწერი № 38858)

000 -LEADER
fixed length control field 00671nam a2200205Ia 4500
001 - CONTROL NUMBER
control field 5269
003 - CONTROL NUMBER IDENTIFIER
control field GE_BSU
008 - FIXED-LENGTH DATA ELEMENTS--GENERAL INFORMATION
fixed length control field 181216s||||||||xx |||||||||||||| ||und||
040 ## - CATALOGING SOURCE
Transcribing agency GE_BSU
080 ## - UNIVERSAL DECIMAL CLASSIFICATION NUMBER
Universal Decimal Classification number 514.18
100 ## - MAIN ENTRY--PERSONAL NAME
Personal name Виноградов, В.Н. Ройтман, И.А;
245 ## - TITLE STATEMENT
Title Элементы начертательной геометрии
245 ## - TITLE STATEMENT
Remainder of title (для факультативных занятий) Пособие для учащихся
260 ## - PUBLICATION, DISTRIBUTION, ETC.
Place of publication, distribution, etc. Москва
260 ## - PUBLICATION, DISTRIBUTION, ETC.
Name of publisher, distributor, etc. Просвещение.
260 ## - PUBLICATION, DISTRIBUTION, ETC.
Date of publication, distribution, etc. 1972
300 ## - PHYSICAL DESCRIPTION
Extent 159стр.22см.
653 ## - INDEX TERM--UNCONTROLLED
Uncontrolled term Элементы начертательной геометрии
942 ## - ADDED ENTRY ELEMENTS (KOHA)
Koha item type წიგნი
ეგზემპლარები
Withdrawn status Lost status Damaged status Not for loan Date acquired Barcode Date last seen Price effective from Koha item type
        2018-12-17 16240 2018-12-17 2018-12-17 წიგნი